Competition Law and Regional Economic Integration: An Analysis of the Southern Mediterranean Countries. (Record no. 2438)

MARC details
005 - DATE AND TIME OF LATEST TRANSACTION
control field 20250519105812.0
020 ## - INTERNATIONAL STANDARD BOOK NUMBER
International Standard Book Number 0-8213-5892-8
082 ## - DEWEY DECIMAL CLASSIFICATION NUMBER
Classification number LECT 340 GER
100 ## - MAIN ENTRY--PERSONAL NAME
Author name GERADIN, D.
245 ## - TITLE STATEMENT
Title Competition Law and Regional Economic Integration: An Analysis of the Southern Mediterranean Countries.
260 ## - PUBLICATION, DISTRIBUTION, ETC.
Place of publication, distribution, etc. Washington, D. C.
Name of publisher, distributor, etc. The World Bank,
Date of publication, distribution, etc. 2004.
300 ## - PHYSICAL DESCRIPTION
Extent xi, 94p.; ill.; table.
Other physical details Reference.
Dimensions 25cm.
942 ## - ADDED ENTRY ELEMENTS (KOHA)
Source of classification or shelving scheme Dewey Decimal Classification
Koha item type Books
Holdings
Date last seen Total checkouts Full call number Barcode Cost, replacement price Price effective from Koha item type Lost status Source of classification or shelving scheme Damaged status Not for loan Withdrawn status Home library Current library Shelving location Date acquired Cost, normal purchase price
05/19/2025   LECT 340 GER 0000009148 75000.00 05/19/2025 Books   Dewey Decimal Classification       College of Business Education Main Library College of Business Education Main Library General Collection 12/08/2010 25000.00
05/19/2025   LECT 340 GER 0000009149 75000.00 05/19/2025 Books   Dewey Decimal Classification       College of Business Education Main Library College of Business Education Main Library General Collection 12/08/2010 25000.00
05/29/2025   LECT 340 GER 00000010430 75000.00 05/29/2025 Books   Dewey Decimal Classification       College of Business Education Main Library College of Business Education Main Library Special Reserve Collection 12/08/2010 25000.00